000 01518nam a2200361Ia 4500
005 20210311092343.0
008 130821s2007 ck gr spa
020 _a9789588298634
040 _aCO-BoUCM
_bspa
_cJose A. Gerena (modificó)
_d[Nuevo]
041 0 0 _aspa
060 _aLB 2300
100 1 _aRíos Ríos, Aura Josefina
_967286
245 1 0 _aDel aprieto verbal al conocimiento textual
_cmanual de estrategias y técnicas de estudio
_bConstanza Ivet Bolívar Silva, Aurora Josefina Ríos Ríos
260 _aBogotá (Colombia)
_bEditorial Universidad del Rosario
_c2007
300 _a180 páginas
490 _aLecciones de Rehabilitación y de Desarrollo Humano
504 _aIncluye referencias bibliográficas
650 0 7 _aAprendizaje
_99256
650 0 7 _aAptitud de aprendizaje
_99278
650 0 7 _aDesarrollo educativo
_912960
650 0 7 _aMemoria
_919277
650 0 7 _aMetodología en pedagogía
_919442
650 0 7 _aMétodos de estudio
_919450
650 0 7 _aPedagogía
_921215
650 0 7 _aPercepción
_9327
650 0 7 _aTeoría de la educación
_925273
690 _aTeoría de la educación
_925273
700 1 _aBolívar Silva, Constanza Ivet
_967287
710 1 _aUniversidad Colegio Mayor de Nuestra Señora del Rosario.
_bFacultad de Rehabilitación y Desarrollo Humano
_94701
856 4 _zConsulte la Portada y la Tabla de Contenido haciendo clic aquí
_uhttp://hdl.handle.net/10336/490
942 _cLIBROUR
_2NLM
_a1
_e1
_hLB 2300
_mB595d
_n0
999 _c52526
_d52526